000
00214 a2200097 4500
000
nam a22 7a 4500
245
_a
Plant Archives
260
_b
Plant Archives
264
_b
Plant Archives
942
_c
JOURNAL
_s
1
999
_c
313663
_d
313663